The essential law dictionary / (Record no. 2142)

000 -LEADER
fixed length control field 01114nam a22003377a 4500
001 - CONTROL NUMBER
control field 15210305
003 - CONTROL NUMBER IDENTIFIER
control field OSt
005 - DATE AND TIME OF LATEST TRANSACTION
control field 20210414101417.0
008 - FIXED-LENGTH DATA ELEMENTS--GENERAL INFORMATION
fixed length control field 080307s2008 ilu 000 0 eng
010 ## - LIBRARY OF CONGRESS CONTROL NUMBER
LC control number 2008008866
020 ## - INTERNATIONAL STANDARD BOOK NUMBER
International Standard Book Number 9781572486508 (pbk. : alk. paper)
020 ## - INTERNATIONAL STANDARD BOOK NUMBER
International Standard Book Number 1572486503
040 ## - CATALOGING SOURCE
Original cataloging agency DLC
Transcribing agency DLC
Modifying agency DLC
Language of cataloging eng
041 ## - LANGUAGE CODE
Language code of text/sound track or separate title eng
050 00 - LIBRARY OF CONGRESS CALL NUMBER
Classification number KF156
Item number .H33 2008
080 ## - UNIVERSAL DECIMAL CLASSIFICATION NUMBER
Universal Decimal Classification number 340
Item number H-12
082 00 - DEWEY DECIMAL CLASSIFICATION NUMBER
Classification number 349.7303
Edition number 22
100 1# - MAIN ENTRY--PERSONAL NAME
Personal name Hackney Blackwell, Amy.
245 14 - TITLE STATEMENT
Title The essential law dictionary /
Statement of responsibility, etc. by Amy Hackney Blackwell.
Remainder of title / by: Sphinx Pub
250 ## - EDITION STATEMENT
Edition statement 1st edition
260 ## - PUBLICATION, DISTRIBUTION, ETC.
Place of publication, distribution, etc. Naperville, Ill.
Name of publisher, distributor, etc. Sphinx Pub
Date of publication, distribution, etc. 2008.
300 ## - PHYSICAL DESCRIPTION
Extent 555 p.
Dimensions 15 cm.
365 ## - TRADE PRICE
Price amount 11.99 usd
650 #0 - SUBJECT ADDED ENTRY--TOPICAL TERM
Topical term or geographic name entry element Law
Geographic subdivision United States
Form subdivision Dictionaries.
650 #0 - SUBJECT ADDED ENTRY--TOPICAL TERM
Topical term or geographic name entry element Dictionary
9 (RLIN) 452
653 ## - INDEX TERM--UNCONTROLLED
Uncontrolled term სამართალი
653 ## - INDEX TERM--UNCONTROLLED
Uncontrolled term სამართლის ლექსიკონი
906 ## - LOCAL DATA ELEMENT F, LDF (RLIN)
a 7
b cbc
c orignew
d 1
e ecip
f 20
g y-gencatlg
942 ## - ADDED ENTRY ELEMENTS (KOHA)
Source of classification or shelving scheme
Koha item type Books
Edition 1
Holdings
Withdrawn status Lost status Source of classification or shelving scheme Damaged status Not for loan Permanent location Current location Date acquired Inventory number Total Checkouts Full call number Barcode Date last seen Price effective from Koha item type
          Ken Walker International University Ken Walker International University 03/11/2021 587   340 H-12 587 03/11/2021 03/11/2021 Books

Powered by Koha